Statistics for Name that Historical Figure #1

Click here to take the quiz!

General Stats

  • This quiz has been taken 144,245 times
    (144,220 since last reset)
  • The average score is 12 of 20

Answer Stats

Answer % Correct
Mother Theresa
90%
George Washington
87%
Queen Elizabeth I
84%
William Shakespeare
80%
King Henry VIII
74%
Vincent Van Gogh
73%
V.I. Lenin
72%
Che Guevara
72%
Amelia Earhart
70%
Babe Ruth
66%
Al Capone
58%
Alfred Hitchcock
46%
Edgar Allan Poe
45%
George Custer
43%
Sigmund Freud
43%
Genghis Khan
40%
Emperor Hirohito
38%
Thomas Edison
36%
Frederick Douglass
31%
Charles Dickens
17%

Score Distribution

Percentile by Number Answered

Percent of People with Each Score

Your Score History

You have not taken this quiz since the last reset